APEC Schools

Poverty / (Record no. 8556)

000 -LEADER
fixed length control field nam a22 7a 4500
005 - DATE AND TIME OF LATEST TRANSACTION
control field 20200106021530.0
008 - FIXED-LENGTH DATA ELEMENTS--GENERAL INFORMATION
fixed length control field 200106b xxu||||| |||| 00| 0 eng d
020 ## - IDENTIFIER FOR THE MANIFESTATION
Identifier for the Manifestation 9711340402
Binding paperback
040 ## - CATALOGING SOURCE
Language of Cataloging eng
Transcribing Agency APEC Schools Library
Description Conventions rda
082 ## - DEWEY DECIMAL CLASSIFICATION NUMBER
Classification number F 362.509
Author's Number C156p 1988
100 ## - CREATOR
Preferred Name of the Person Callanta, Ruth S.
245 ## - TITLE AND STATEMENT OF RESPONSIBILITY
Preferred Title Proper Poverty /
Statement of Responsibility/Parallel Statement of Responsibility Callanta, Ruth S.
264 ## - PUBLICATION STATEMENT
Place of publication, distribution, etc Philippines :
Publisher's Name/Parallel Publisher's Name Bookmark, Inc.,
Copyright ©1988.
300 ## - PHYSICAL DESCRIPTION
Extent 145 pages :
Illustrative Content illustrations ;
336 ## - RDA CONTENT
Source rdacontent
Content Type text
337 ## - RDA MEDIA
Source rdamedia
Media Type unmediated
338 ## - RDA CARRIER
Source rdacarrier
Carrier Type volume
650 ## - ADDED SUBJECT ACCESS POINT - TOPICAL TERM
Topical Term Poor.
650 ## - ADDED SUBJECT ACCESS POINT - TOPICAL TERM
Topical Term Rural poor.
651 ## - ADDED SUBJECT ACCESS POINT - GEOGRAPHIC NAME
Topical Term Philippines.
942 ## - ADDED ENTRY ELEMENTS (KOHA)
Source of Classification
Koha Item Type Non Fiction
Holdings
Library Site Location Shelving Location Source of Acquisition Full Classification Number Accession Number Koha Item Type
APEC Silangan, Pateros Library APEC Silangan, Pateros Library Filipiniana Donation F 362.509 C156p 1988 B07-0000074D Non Fiction

Powered by Koha